000 00873nam a2200205 u 4500
001 000290847
003 AM-YeHGA
005 20250618071906.0
008 031205s1987 ai r 000 0 arm d
040 _aAM-YeHGA
041 0 _aarm
100 1 _aԹումանյան, Հովհաննես Թադևոսի,
_d1869-1923
_91108
245 1 0 _aՉարի վերջը :
_b[Չափածո հեքիաթ: Դպր. կրտսեր տարիքի համար] /
_cՀովհ. Թումանյան; Խմբ.՝ Ռ.Հ. Քալաշյան; Նկ.՝ Ս. Սաֆյան.
260 _aԵրևան :
_bԱրևիկ,
_c1987.
300 _a16 էջ :
_bգունանկ. ;
_c22 սմ.
650 1 4 _aՀայ մանկական գրականություն
_xՀեքիաթ
700 1 _aՔալաշյան, Ռ.Հ.
_eխմբ.
_4edt
700 1 _aՍաֆյան, Սպարտակ Գևորգի,
_d1929-2001
_eնկ.
_4art
_94028
090 _c107699
999 _c106373
_d106373